[Event "Helsinki"]
[Site "Helsinki"]
[Date "1991.??.??"]
[Round "?"]
[White "Bellon Lopez, Juan Manuel"]
[Black "Westerinen, Heikki MJ"]
[Result "1/2-1/2"]
[WhiteElo "2495"]
[BlackElo "2410"]

1.d4 d5 2.c4 dxc4 3.Nf3 a6 4.e3 Nf6 5.Bxc4 e6 6.O-O c5 7.Qe2 cxd4 8.Nxd4 Be7
9.Rd1 Qc7 10.Bb3 Nc6 11.Nxc6 Qxc6 12.Nc3 b5 13.e4 Bb7 14.Bg5 Nxe4 15.Bd5 exd5
16.Bxe7 Qe6 17.Nxe4 Kxe7 18.Qc2 dxe4 19.Qc7+ Kf8 20.Qxb7 Re8 21.Re1 h5 22.a4 Rh6
23.axb5 axb5 24.Qxb5 Qe5 25.Qb4+ Kg8 26.Ra5 Qf4 27.Qa4 Rhe6 28.Ra8 Rxa8 29.Qxa8+ Kh7
30.Qd5 Qe5 31.Qxe5 Rxe5 32.b4 Kg6 33.Rb1 Rb5 34.Kf1 Kf5 35.Ke2 Ke5 36.h4 f5
37.g3 f4 38.Rb3 fxg3 39.Rxg3 Rxb4 40.Rxg7 Rb2+ 41.Kf1 Kf4 42.Rg5 Kf3  1/2-1/2

[Event "Helsinki"]
[Site "Helsinki"]
[Date "1991.??.??"]
[Round "?"]
[White "Yrjola, Jouni"]
[Black "Westerinen, Heikki MJ"]
[Result "1/2-1/2"]
[WhiteElo "2505"]
[BlackElo "2410"]

1.d4 d5 2.c4 dxc4 3.Nf3 a6 4.e3 Nf6 5.Bxc4 e6 6.O-O c5 7.Qe2 cxd4 8.exd4 Be7
9.Nc3 Nbd7 10.d5 exd5 11.Bxd5 O-O 12.Bf4 Bb4 13.Bb3 Qa5 14.Rac1 Nc5 15.Bc4 Be6
16.Ne5 Rac8 17.Bd2 Bxc4 18.Nxc4 Qd8 19.Rcd1 Qd3 20.Nb6 Rcd8 21.Bg5 Qxe2 22.Nxe2 Nce4
23.Bxf6  1/2-1/2

[Event "HUN-chT"]
[Site "HUN"]
[Date "1991.??.??"]
[Round "?"]
[White "Farago, Ivan"]
[Black "Nemeth, Zoltan"]
[Result "1-0"]
[WhiteElo "2495"]
[BlackElo "2345"]

1.d4 d5 2.c4 dxc4 3.Nf3 c5 4.d5 e6 5.Nc3 exd5 6.Qxd5 Qxd5 7.Nxd5 Bd6 8.Nd2 Nc6
9.Nxc4 Bb8 10.g3 Nd4 11.Nce3 Bd7 12.Bd2 Bc6 13.Rc1 Ne7 14.Bg2 Bd6 15.Bc3 Rd8
16.Bxd4 cxd4 17.Nxe7 Bxg2 18.Nxg2 Kxe7 19.Kd2 d3 20.exd3 Bb4+ 21.Ke2 Rhe8
22.Ne3 g6 23.Rc7+ Rd7 24.Rhc1 Bd6 25.Rxd7+ Kxd7 26.d4 h5 27.h4 Bc7 28.Kd3 Re6
29.Rc2 Bb6 30.Nc4 Bc7 31.Nd2 Re1 32.Ne4 Bb6 33.Rd2 Rg1 34.Ng5 Ba5 35.Re2 Rd1+
36.Kc4 Bb6 37.Nf3 Kd6 38.Nd2 Kd7 39.Kd5 f5 40.Nf3 Bc7 41.Re6 Rd3 42.Ne5+ Bxe5
43.Kxe5 Rxd4 44.Rxg6 Rd2 45.Rg7+ Kc6 46.f4 Rxb2 47.Kxf5 Rxa2 48.Kg6 b5 49.f5 b4
50.f6 b3 51.f7 Rf2 52.Rg8 a5 53.f8=Q Rxf8 54.Rxf8 a4 55.Rb8 Kc5 56.Kf5 Kd4
57.g4 hxg4 58.h5 g3 59.h6 Kd3 60.h7 g2 61.Rd8+ Ke2 62.Rg8  1-0

[Event "HUN-chT"]
[Site "HUN"]
[Date "1991.??.??"]
[Round "?"]
[White "Lako, Laszlo"]
[Black "Nemeth, Zoltan"]
[Result "1/2-1/2"]
[WhiteElo "2310"]
[BlackElo "2345"]

1.d4 d5 2.c4 dxc4 3.Nf3 c5 4.e3 cxd4 5.Qxd4 Qxd4 6.Nxd4 Bd7 7.Bxc4 Nc6 8.Nxc6 Bxc6
9.O-O Nf6 10.Nc3 Rc8 11.b3 e6 12.Bb2 Bc5 13.Rac1 Ke7 14.Bb5 Rhd8 15.Bxc6 Rxc6
16.Rfd1 Rxd1+ 17.Nxd1 Rd6 18.Kf1 Bb4 19.a3 Ba5 20.Bd4 Bb6 21.Bxb6 Rxb6 22.b4 Nd7
23.Nb2 a5 24.Nd3 axb4 25.axb4 e5 26.e4 Kd6 27.Ke2 Nb8 28.Rc5 Nc6 29.Rd5+ Ke7
30.Ke3 f6 31.Nc5 Nb8 32.Nd3 Na6 33.Nc5 Nb8 34.Nd3 g5 35.h3 h5 36.g3 Na6 37.f4 Nxb4
38.Nxb4 Rxb4 39.fxe5 Rb3+ 40.Kf2 Rb2+ 41.Kf3 b5 42.exf6+ Kxf6 43.Rd6+ Ke5
44.Rd5+ Kf6 45.Rd6+ Kf7 46.Rd5 Rb3+ 47.Kg2 Kf6 48.h4 Rb2+ 49.Kg1 gxh4 50.gxh4 b4
51.Rxh5 Rd2 52.Rb5 Rd4 53.e5+ Kf5 54.h5 Rh4 55.h6 Rxh6 56.Rxb4  1/2-1/2

[Event "HUN-ch"]
[Site "HUN"]
[Date "1991.??.??"]
[Round "9"]
[White "Farago, Ivan"]
[Black "Polgar, Zsuzsa"]
[Result "1/2-1/2"]
[WhiteElo "2515"]
[BlackElo "2535"]

1.d4 d5 2.c4 dxc4 3.Nf3 a6 4.e3 Nf6 5.Bxc4 e6 6.Qe2 c5 7.dxc5 Bxc5 8.O-O Qc7
9.e4 Ng4 10.Bg5 Nc6 11.Nbd2 Bd6 12.h3 h6 13.Bh4 Nge5 14.Nxe5 Bxe5 15.Nf3 g5
16.Bg3 Bxg3 17.fxg3 Qxg3 18.Rad1 g4 19.hxg4 Bd7 20.b4 b5 21.Bd5 Rg8 22.Bxc6 Bxc6
23.Nd4 Bd7 24.Nf5 exf5 25.exf5+ Kf8 26.Rxd7 Re8 27.Qd2 Rxg4 28.Qd5 Qe3+ 29.Rf2 Qc1+
30.Rf1 Qe3+ 31.Rf2 Qc1+ 32.Rf1  1/2-1/2

[Event "Jyvaskyla op"]
[Site "Jyvaskyla"]
[Date "1991.??.??"]
[Round "3"]
[White "Ruban, Vadim"]
[Black "Westerinen, Heikki MJ"]
[Result "1-0"]
[WhiteElo "2570"]
[BlackElo "2410"]

1.d4 d5 2.c4 dxc4 3.Nf3 a6 4.e3 Nf6 5.Bxc4 e6 6.Qe2 c5 7.dxc5 Bxc5 8.O-O O-O
9.e4 Nc6 10.e5 Nd5 11.Bd3 g6 12.Bh6 Re8 13.Nbd2 Bf8 14.Bxf8 Rxf8 15.Ne4 Qe7
16.Bc4 f5 17.exf6 Nxf6 18.Neg5 Nd5 19.Rfe1 Nf4 20.Qe4 Rf5 21.Nxe6 Bxe6 22.Bxe6+ Qxe6
23.Qxe6+ Nxe6 24.Rxe6 Rd8 25.Rae1 Nd4 26.Re8+ Rf8 27.Rxf8+ Kxf8 28.Ng5 h6
29.Ne4 Rc8 30.Kf1 Rc2 31.Rd1 Nc6 32.Rd2 Rc1+ 33.Ke2 Ke7 34.f4 Ra1 35.a3 Na5
36.Kd3 Rf1 37.Rf2 Rd1+ 38.Kc2 Rh1 39.g3 Re1 40.Nc3 Kd6 41.Rd2+ Kc6 42.Re2 Rxe2+
43.Nxe2 Nc4 44.Kc3 b5 45.f5 g5 46.a4 Kd5 47.axb5 axb5 48.b3 Ne3 49.Kb4 Nxf5
50.Kxb5 Ke4 51.Kc5 Kd3 52.b4 Kxe2 53.b5 Ng7 54.Kd5 Ne8 55.b6 Nf6+ 56.Kc6 Ng4
57.b7 Nxh2 58.b8=Q Nf3 59.Kd5 h5 60.Qe8+ Kf2 61.Qxh5 Kxg3 62.Ke4 g4 63.Ke3 Ng1
64.Qe5+ Kh4 65.Kf2 Nf3 66.Qh8+ Kg5 67.Kg3  1-0

[Event "Kecskemet"]
[Site "Kecskemet"]
[Date "1991.??.??"]
[Round "1"]
[White "Sjoberg, Mats"]
[Black "Yakovich, Yuri"]
[Result "1/2-1/2"]
[WhiteElo "2360"]
[BlackElo "2530"]

1.d4 d5 2.c4 dxc4 3.Nf3 a6 4.a4 Nf6 5.Nbd2 Nc6 6.e3 Bg4 7.Bxc4 e6 8.h3 Bh5
9.a5 Bb4 10.g4 Bg6 11.Qb3 O-O 12.Ra4 Bxa5 13.Qxb7 Be4 14.O-O Bxd2 15.Nxd2 Rb8
16.Qxa6 Rb6 17.g5 Rxa6 18.Rxa6 Bd5 19.gxf6 gxf6 20.Kh2 Kh8 21.Rg1 Bxc4 22.Nxc4 Qd5
23.e4 Qxc4 24.Bh6 Ne7 25.Bg7+ Kg8 26.Bxf8+ Ng6 27.Ra8 h5 28.Bh6+ Kh7 29.Be3 Qc6
30.Ra7 Nh4 31.Rg3 Qxe4 32.Rxc7 Nf3+ 33.Kg2 Ng5+ 34.Kh2 Kg6 35.b4 h4 36.Rg4 Qf3
37.Rxh4 f5 38.Rc1 f4 39.Rxf4 Qxh3+ 40.Kg1 Nf3+ 41.Rxf3 Qxf3 42.b5 Kf5 43.Rc5+ Ke4
44.b6 Qd1+ 45.Kg2 Qb3 46.Re5+ Kd3 47.d5 Qb5 48.Rg5 exd5 49.Rg4 Kc3 50.Kg3 Qc6
51.Rd4 Qg6+ 52.Rg4 Qc6 53.Rf4 Qg6+ 54.Kf3  1/2-1/2

[Event "Kecskemet GM"]
[Site "Kecskemet"]
[Date "1991.??.??"]
[Round "6"]
[White "Hracek, Zbynek"]
[Black "Krizsany, Laszlo"]
[Result "1/2-1/2"]
[WhiteElo "2485"]
[BlackElo "2335"]

1.d4 d5 2.c4 dxc4 3.Nf3 c5 4.e3 cxd4 5.exd4 Be6 6.Nc3 Nf6 7.Ng5 Bd5 8.Nxd5 Qxd5
9.Be2 Nc6 10.Be3 e6 11.O-O Be7 12.Rc1 O-O 13.Bxc4 Qa5 14.Qf3 Rad8 15.Rfd1 Nd5
16.Qe4 Nf6 17.Qf3 Nd5 18.Qh3 h6 19.Ne4 Nxe3 20.fxe3 Qf5 21.Qf3 Qxf3 22.gxf3 Rc8
23.a3 Rfd8 24.Bb5 Nb8 25.Kf2 Kf8 26.Ke2 b6 27.Nf2 Bd6 28.f4 g5 29.Ne4 Be7
30.Kf3 a6 31.Bd3 f5 32.Ng3 b5 33.Rxc8 Rxc8 34.d5 gxf4 35.exf4 exd5 36.Bxf5 Rd8
37.Ne2 Nc6 38.Be6 Bf6 39.b4 Rd6 40.Bxd5 Ne7 41.Bb3 Rxd1 42.Bxd1 Bb2 43.a4 Nc6
44.axb5 axb5 45.Ng3 Nxb4 46.Nf5 Bc1 47.Ke4 Na6 48.Be2 Nc5+ 49.Kd5 Bxf4 50.Kxc5 Bxh2  1/2-1/2

[Event "JUG-ch"]
[Site "Kladovo"]
[Date "1991.??.??"]
[Round "4"]
[White "Antic, Dejan"]
[Black "Sulava, Nenad"]
[Result "1-0"]
[WhiteElo "2390"]
[BlackElo "2405"]

1.d4 d5 2.c4 dxc4 3.Nf3 a6 4.e3 Nf6 5.Bxc4 e6 6.O-O b5 7.Be2 Bb7 8.a4 b4
9.a5 Nbd7 10.Qa4 c5 11.Nbd2 Qc7 12.Nc4 Bc6 13.Qc2 Be4 14.Qa4 Bc6 15.Qd1 Bb5
16.Nb6 Nxb6 17.Bxb5+ axb5 18.axb6 Qb7 19.Rxa8+ Qxa8 20.Bd2 Bd6 21.Qa1 O-O
22.Qxa8 Rxa8 23.dxc5 Bxc5 24.b7 Rb8 25.Ra1 Rxb7 26.Ra8+ Bf8 27.Bxb4 Nd7 28.Kf1 f6
29.Nd4 Kf7 30.Bxf8 Nxf8 31.b4 Nd7 32.Ra6 e5 33.Nf5 Kg6 34.Nd6 Rc7 35.Ra5 Rc6
36.Nb7 e4 37.g4 Ne5 38.Nc5 Nxg4 39.h3 Ne5 40.Rxb5 Kf5  1-0

[Event "POR-ch"]
[Site "Lisboa"]
[Date "1991.??.??"]
[Round "10"]
[White "Ferreira, A."]
[Black "Pereira, Alvaro"]
[Result "1/2-1/2"]
[WhiteElo "2135"]
[BlackElo "2235"]

1.d4 d5 2.c4 dxc4 3.Nf3 a6 4.a4 Nf6 5.e3 e6 6.Bxc4 c5 7.O-O Nc6 8.Qe2 Qc7
9.Nc3 Bd6 10.Rd1 O-O 11.h3 h6 12.Bd2 Rd8 13.a5 cxd4  1/2-1/2

[Event "Wch U14"]
[Site "Mamaia"]
[Date "1991.??.??"]
[Round "8"]
[White "Dao Thien Hai"]
[Black "Gyimesi, Zoltan"]
[Result "1/2-1/2"]
[WhiteElo "2205"]
[BlackElo "2240"]

1.d4 d5 2.c4 dxc4 3.Nf3 c5 4.e3 cxd4 5.exd4 Nf6 6.Bxc4 e6 7.Nc3 Be7 8.O-O O-O
9.Be3 Nbd7 10.Rc1 Nb6 11.Bb3 Nbd5 12.Qe2 b6 13.Ne5 Bb7 14.Nxd5 Nxd5 15.a3 Bf6
16.Nf3 Qd6 17.Qd2 Rac8 18.Rxc8 Rxc8 19.Rc1 Rxc1+ 20.Qxc1 Qc6 21.Qxc6 Bxc6
22.Ne5 Bb7 23.Bd2 Be7 24.Bc4 f6 25.Nd3 Kf7 26.Nf4 Bd6  1/2-1/2

[Event "Moscow6"]
[Site "Moscow"]
[Date "1991.??.??"]
[Round "?"]
[White "Magerramov, Elmar"]
[Black "Donchenko, Anatoly G"]
[Result "1-0"]
[WhiteElo "2560"]
[BlackElo "2370"]

1.d4 d5 2.c4 dxc4 3.Nf3 a6 4.e3 Nf6 5.Bxc4 e6 6.O-O c5 7.a4 Nc6 8.Qe2 Qc7
9.Nc3 Bd6 10.h3 O-O 11.Bd2 b6 12.Rac1 Bb7 13.Rfd1 Rfd8 14.Bd3 Qb8 15.Ne4 Nxe4
16.Bxe4 Ne7 17.Qd3 g6 18.Bxb7 Qxb7 19.Qb3 cxd4 20.Nxd4 Qd5 21.Qxd5 Nxd5 22.Nc6 Rd7
23.e4 Ne7 24.Bb4 Nxc6 25.Rxd6 Rxd6 26.Bxd6 Rc8 27.Be5 f5 28.f3 fxe4 29.fxe4 Ne7
30.Rd1 Rc4 31.Rd8+ Kf7 32.Bd6 e5 33.Rb8 Ke6 34.Bxe7  1-0

[Event "Moscow7 op"]
[Site "Moscow"]
[Date "1991.??.??"]
[Round "?"]
[White "Ionov, Sergey"]
[Black "Yanvarjov, Igor"]
[Result "1/2-1/2"]
[WhiteElo "2510"]
[BlackElo "2385"]

1.d4 d5 2.c4 dxc4 3.Nf3 a6 4.e3 Nf6 5.Bxc4 e6 6.O-O c5 7.Qe2 cxd4 8.exd4 Be7
9.Nc3 b5 10.Bb3 Nc6 11.Rd1 Na5 12.Bc2 Bb7 13.Bg5 O-O 14.Rac1 Rc8 15.Bd3 Nc4
16.Rc2 Nxb2 17.Rxb2 Rxc3 18.a4 Qa8 19.axb5 axb5 20.Rxb5 Bxf3 21.Qxf3 Qxf3
22.gxf3 Rd8 23.Be4 Kf8  1/2-1/2

[Event "Moscow5-B"]
[Site "Moscow"]
[Date "1991.??.??"]
[Round "?"]
[White "Yuferov, Sergey  N"]
[Black "Maljutin, Evgeni"]
[Result "1/2-1/2"]
[WhiteElo "2395"]
[BlackElo "2385"]

1.d4 d5 2.c4 dxc4 3.Nf3 c5 4.Nc3 cxd4 5.Qxd4 Qxd4 6.Nxd4 Bd7 7.e4 Nf6 8.Bxc4 Nc6
9.Nxc6 Bxc6 10.f3 e6 11.Ke2 Bc5 12.Be3 Bxe3 13.Kxe3 Ke7  1/2-1/2

[Event "Russian Winter op"]
[Site "Moscow"]
[Date "1991.??.??"]
[Round "?"]
[White "Maksimenko, Andrei"]
[Black "Mishuchkov, Nikolai M"]
[Result "1/2-1/2"]
[WhiteElo "2370"]
[BlackElo "2420"]

1.d4 d5 2.c4 dxc4 3.Nf3 c5 4.d5 e6 5.Nc3 exd5 6.Qxd5 Qxd5 7.Nxd5 Na6 8.e4 Ne7
9.Nxe7 Bxe7 10.Bxc4 Nb4 11.O-O O-O 12.Bd2 Nc6 13.Bd5 Bd7 14.Rac1  1/2-1/2

[Event "Moscow5-B"]
[Site "Moscow"]
[Date "1991.??.??"]
[Round "?"]
[White "Gavrilov, Alexei"]
[Black "Maljutin, Evgeni"]
[Result "0-1"]
[WhiteElo "2325"]
[BlackElo "2385"]

1.d4 d5 2.c4 dxc4 3.Nf3 c5 4.e4 cxd4 5.Bxc4 Nc6 6.O-O e6 7.Nbd2 Nf6 8.e5 Nd7
9.Re1 Qc7 10.Qe2 a6 11.a3 g6 12.Ba2 Bg7 13.Nc4 O-O 14.Bf4 Nb6 15.Nd6 Bd7
16.Rac1 Nd5 17.Bg3 Qb6 18.Qd2 Nde7 19.Ng5 Nf5 20.Nc4 Qd8 21.Bf4 h6 22.Nf3 b5
23.Nd6 Nxd6 24.exd6 Kh7 25.h4 Rc8 26.h5 g5 27.Be5 Nxe5 28.Nxe5 Bxe5 29.Rxe5 Rxc1+
30.Qxc1 Qf6 31.Qc2+ Kg7 32.Qe4 Rc8 33.Qxd4 Rc1+ 34.Kh2 Qf4+ 35.Qxf4 gxf4
36.Re4 Rc2 37.Bb1 Rxb2 38.Bd3 Rxf2 39.Be2 f5 40.Rd4 Rxe2  0-1

[Event "New York op"]
[Site "New York"]
[Date "1991.??.??"]
[Round "1"]
[White "Garcia, Alvaro"]
[Black "Dlugy, Maxim"]
[Result "0-1"]
[WhiteElo "2300"]
[BlackElo "2570"]

1.d4 d5 2.c4 dxc4 3.Nf3 a6 4.a4 Nc6 5.Nc3 Na5 6.Bf4 Nf6 7.e4 e6 8.Qc2 Bb4
9.Rd1 b5 10.Be2 Bb7 11.O-O O-O 12.e5 Nd5 13.Bg5 Be7 14.Ne4 Nb4 15.Bxe7 Nxc2
16.Bxd8 Raxd8 17.Nc5 Bxf3 18.Bxf3 Nxd4 19.Nxa6 bxa4 20.Be4 Nab3 21.Nb4 c5
22.Na2 Ne2+ 23.Kh1 Nd2 24.Bf3 Nxf1 25.Rxf1 Rd2 26.Bxe2 Rxe2 27.Nc3  0-1

[Event "Ponferrada op"]
[Site "Ponferrada"]
[Date "1991.??.??"]
[Round "?"]
[White "Cruz Lopez Claret, Carlos"]
[Black "Perez Pardo, Juan Carlos"]
[Result "0-1"]
[WhiteElo "2275"]
[BlackElo "2320"]

1.d4 d5 2.c4 dxc4 3.Nf3 c5 4.d5 e6 5.Nc3 exd5 6.Qxd5 Qxd5 7.Nxd5 Bd6 8.Nd2 Nc6
9.Nxc4 Bb8 10.g3 Be6 11.Bg2 Nge7 12.Nce3 Be5 13.f4 Nxd5 14.Nxd5 Rd8 15.e4 Bd4
16.Nc7+ Ke7 17.Nxe6 fxe6 18.Ke2 Rd7 19.Rd1 Rhd8 20.Be3 c4 21.Rac1 b5 22.Bxd4 Nxd4+
23.Kf2 Nc6 24.Rxd7+ Rxd7 25.Ke2 Nb4 26.a3 Nd3 27.Rc2 e5 28.fxe5 Nxe5 29.Rd2 Rd3
30.Kd1 Kd6 31.Kc2 Kc5 32.Rxd3 Nxd3 33.Kc3 a5 34.b4+ axb4+ 35.axb4+ Nxb4 36.e5 Nd3
37.Be4 b4+ 38.Kd2 Nxe5 39.Bxh7 Kd4 40.h4 b3  0-1

[Event "JUG-Cup final"]
[Site "Pula"]
[Date "1991.??.??"]
[Round "4"]
[White "Covic, Darko"]
[Black "Sulava, Nenad"]
[Result "1/2-1/2"]
[WhiteElo "2370"]
[BlackElo "2405"]

1.d4 d5 2.c4 dxc4 3.Nf3 a6 4.e3 Nf6 5.Bxc4 e6 6.O-O b5 7.Bb3 Bb7 8.Nc3 c5
9.Qe2 Nc6 10.Rd1 c4 11.Bc2 Nb4 12.Bb1 Be7 13.a3 Nbd5 14.e4 Nxc3 15.bxc3 Qc7
16.Re1 h6 17.Ne5 Nd7 18.Nxd7 Qxd7 19.Qg4 g6 20.h4 O-O-O 21.e5 Rdg8 22.Be4 Bxe4
23.Qxe4 Qb7 24.Qg4 Qd5 25.Bd2 a5 26.Reb1 Kd7 27.a4 Rb8 28.axb5 Rxb5 29.Rxb5 Qxb5
30.Qf3 g5 31.Qxf7 gxh4 32.Bc1 Rf8 33.Qh7 h3 34.Ba3 Re8 35.Rb1 Qd5 36.gxh3 Qf3
37.Rb6 Qxh3 38.Bxe7 Qg4+ 39.Kh2 Qf4+ 40.Kg1 Qg4+ 41.Kh2 Qf4+  1/2-1/2

[Event "Waldshut BM"]
[Site "Waldshut"]
[Date "1991.??.??"]
[Round "10"]
[White "Gerstner, Wolfgang"]
[Black "Schuh, Hubert"]
[Result "1-0"]
[WhiteElo "2385"]
[BlackElo "2375"]

1.d4 d5 2.c4 dxc4 3.Nf3 a6 4.e3 c5 5.Bxc4 Nf6 6.O-O e6 7.Qe2 cxd4 8.Rd1 Be7
9.Nxd4 Qc7 10.e4 O-O 11.Bg5 Nbd7 12.a4 Ne5 13.Ba2 Ng6 14.Nc3 h6 15.Be3 Bd7
16.Rac1 Qe5 17.g3 Qb8 18.f4 e5 19.Nf5 Bb4 20.Nxh6+ gxh6 21.f5 Kg7 22.fxg6 Bg4
23.Qd2 fxg6 24.Bxh6+ Kh7 25.Bxf8 Qxf8 26.Rf1 Bh3 27.Qg5 Qc5+ 28.Kh1  1-0

[Event "Zalakaros op"]
[Site "Zalakaros"]
[Date "1991.??.??"]
[Round "7"]
[White "Sinkovics, Peter"]
[Black "Meleghegyi, Csaba"]
[Result "1/2-1/2"]
[WhiteElo "2370"]
[BlackElo "2415"]

1.d4 d5 2.Nf3 c5 3.c4 dxc4 4.d5 e6 5.Nc3 exd5 6.Qxd5 Qxd5 7.Nxd5 Bd6 8.e4 Nc6
9.Bxc4 Bg4 10.Be3 Bxf3 11.gxf3 Nge7 12.O-O-O O-O-O 13.Nxe7+ Nxe7 14.Bxf7 Rhf8
15.Be6+ Kc7 16.Rhg1 g6 17.Bg5 Bf4+ 18.Bxf4+ Rxf4 19.Rxd8 Kxd8 20.Rd1+ Ke8
21.Rd3 Rf6 22.Bd7+ Kf7 23.Rb3 b6 24.Ra3 g5 25.h3 a5 26.Re3 Rd6 27.Bb5 Ke6
28.h4 h6 29.hxg5 hxg5 30.Re1 Ng6 31.Rg1 Kf6 32.Kc2 Rd4 33.b3 Ne5 34.Be2 Nc6
35.a3 Ne5 36.Rh1 Rd6 37.Rh7 Kg6 38.Rh8 Nc6 39.Bd1 Nd4+ 40.Kc1 Nb5 41.Bc2 Kg7
42.Rh5 Kg6 43.Rh1 Kf6 44.Rh5 Kg6 45.Rh1  1/2-1/2

[Event "Altensteig"]
[Site "Altensteig"]
[Date "1992.??.??"]
[Round "5"]
[White "Mueller, Karsten"]
[Black "Sadler, Matthew"]
[Result "1-0"]
[WhiteElo "2490"]
[BlackElo "2515"]

1.d4 d5 2.c4 dxc4 3.Nf3 a6 4.e3 Nf6 5.Bxc4 e6 6.O-O c5 7.a4 Nc6 8.Qe2 cxd4
9.Rd1 Be7 10.exd4 O-O 11.Nc3 Nd5 12.Bb3 Re8 13.Ne5 Nxc3 14.bxc3 Nxe5 15.dxe5 Qc7
16.Rd3 Bd7 17.Rh3 g6 18.Bh6 b5 19.Qd2 f5 20.Bg7 Bf8 21.Bxf8 Rxf8 22.Rd3 Bc8
23.axb5 Rb8 24.Qa2 Qb6 25.Rd6 Qxb5 26.Bxe6+ Kh8 27.Bd5 Re8 28.e6 Qc5 29.Rc6 Qe7
30.c4 Qf6 31.Re1 Rb2 32.Qa1 Kg7 33.Rc7+ Kh6 34.Qc1+ g5 35.h4 f4 36.hxg5+ Kxg5
37.g3 h5 38.Rf7  1-0

[Event "Beersheba-B"]
[Site "Beersheba"]
[Date "1992.??.??"]
[Round "6"]
[White "Mikhalevski, Victor"]
[Black "Srokowski, Jaroslav"]
[Result "0-1"]
[WhiteElo "2370"]
[BlackElo "2410"]

1.d4 d5 2.c4 dxc4 3.Nf3 a6 4.a4 Nf6 5.Nc3 e6 6.e3 c5 7.Bxc4 Nc6 8.O-O Be7
9.Qe2 cxd4 10.exd4 Nxd4 11.Nxd4 Qxd4 12.Rd1 Qh4 13.Rd3 Bd7 14.b3 Qh5 15.Qe1 Bc6
16.a5 Ng4 17.Bf4 Qf5 18.Bg3 O-O 19.h3 Nf6 20.Re3 Bb4 21.Qc1 h6 22.Re5 Qg6
23.Ne2 Nh5 24.Nd4 Nxg3 25.Nxc6 bxc6 26.fxg3 Qxg3 27.Re4 Bc5+ 28.Kh1 Bd6 29.Qg1 Kh8
30.Rf1 Qc3 31.Rg4 Qxa5 32.Re1 e5 33.Qe3 Qc7 34.Rh4 f5 35.Rxh6+ gxh6 36.Qxh6+ Qh7
37.Qxd6 e4 38.Qxc6 a5 39.Qc5 Qg7 40.Rf1 Qg6 41.Bd5 Rac8 42.Qxa5 Rc2 43.Qa1+ Qg7
44.Qxg7+ Kxg7 45.h4 Rd2 46.Bc4 f4 47.Re1 Re8 48.Rf1 Rf8 49.Re1 Rd4 50.Kh2 Kf6
51.Kh3 Ke5 52.Ra1 Rd7 53.Ra6 Rg7 54.Ra5+ Kd4 55.Rg5 Ra7 56.h5 Ra1 57.Rg6 Rh1+
58.Kg4 Rg1 59.Kh4 Ke3 60.Bd5 Rf5 61.Rg5 Rxg5 62.Kxg5 Rxg2+ 63.Kf5 Rh2 64.Bxe4 Rxh5+
65.Kg4 Kxe4  0-1

[Event "Bozen op"]
[Site "Bozen"]
[Date "1992.??.??"]
[Round "4"]
[White "Sjodahl, Pontus"]
[Black "Sulava, Nenad"]
[Result "1/2-1/2"]
[WhiteElo "2345"]
[BlackElo "2405"]

1.d4 d5 2.c4 dxc4 3.Nf3 a6 4.a4 Nf6 5.e3 Bg4 6.Bxc4 e6 7.Nc3 Nc6 8.O-O Bd6
9.Be2 O-O 10.b3 Qe7 11.Bb2 Rad8 12.Nd2 Bxe2 13.Qxe2 e5 14.d5 Nb4 15.Qc4 c6
16.dxc6 Nxc6 17.Nce4 Nxe4 18.Qxe4 f5 19.Qd5+ Kh8 20.Nc4 Bc7 21.Qf3 e4 22.Qe2 b5
23.axb5 axb5 24.Na3 b4 25.Nb5 Bb8 26.Qc4 Ne5 27.Bxe5 Bxe5  1/2-1/2

[Event "Spring op"]
[Site "Budapest"]
[Date "1992.??.??"]
[Round "?"]
[White "Vigh, Bela"]
[Black "Csoke, Adrienn"]
[Result "1-0"]
[WhiteElo "2370"]
[BlackElo "2235"]

1.d4 d5 2.c4 dxc4 3.Nf3 c5 4.e3 e6 5.Bxc4 Nf6 6.O-O a6 7.Qe2 cxd4 8.Rd1 Be7
9.exd4 b5 10.Bb3 Bb7 11.Nc3 O-O 12.Bg5 Nbd7 13.d5 exd5 14.Nxd5 Bxd5 15.Bxd5 Nxd5
16.Rxd5 Bxg5 17.Nxg5 h6 18.Qd2 Ra7 19.Nf3 Qc8 20.Rc1 Qb7 21.Qd4 Nf6 22.Rd6 Raa8
23.h3 Rac8 24.Re1 Rc4 25.Qd3 Qc8 26.b3 Rc1 27.Rxc1 Qxc1+ 28.Kh2 Qc7 29.g3 Qa5
30.Kg2 Qxa2 31.Nh4 Qb2 32.Rxa6 b4 33.Rb6 Qc3 34.Qxc3 bxc3 35.Rc6 Nd5 36.Rc5 Rd8
37.Nf5 Kf8 38.Kf3 g6 39.Ne3 Nxe3 40.Kxe3 Re8+ 41.Kd3 Re1 42.Rxc3 Ke7 43.Kd2 Rb1
44.Rd3 Rb2+ 45.Ke3 h5 46.h4 Ke6 47.f4 f6 48.Kd4 Kf5 49.Kc3 Rb1 50.Re3 Kg4
51.Kc2 Ra1 52.b4 g5 53.fxg5 fxg5 54.hxg5 Kxg5 55.b5 Ra5 56.b6 Ra8 57.Re4 Rb8
58.Rb4 Kf5 59.Kb3  1-0

[Event "Spring op"]
[Site "Budapest"]
[Date "1992.??.??"]
[Round "?"]
[White "Varga, Peter"]
[Black "Vaulin, Alexander"]
[Result "0-1"]
[WhiteElo "2310"]
[BlackElo "2520"]

1.d4 d5 2.c4 dxc4 3.Nf3 c5 4.Nc3 e6 5.e4 cxd4 6.Qxd4 Qxd4 7.Nxd4 a6 8.Bxc4 b5
9.Be2 Bb7 10.f3 Nf6 11.Be3 Bc5 12.Kf2 Nbd7  0-1

[Event "Statisztika IM"]
[Site "Budapest"]
[Date "1992.??.??"]
[Round "1"]
[White "Kiss, Pal"]
[Black "Fancsy, Imre"]
[Result "1/2-1/2"]
[WhiteElo "2410"]
[BlackElo "2310"]

1.d4 d5 2.c4 dxc4 3.Nf3 a6 4.e3 Nf6 5.Bxc4 e6 6.O-O c5 7.dxc5 Bxc5 8.Qxd8+ Kxd8
9.Rd1+ Ke7 10.b3 b5 11.Be2 Bb7  1/2-1/2

[Event "Multicoop op"]
[Site "Budapest"]
[Date "1992.??.??"]
[Round "6"]
[White "Dao Thien Hai"]
[Black "Mandl, Rudolf"]
[Result "1-0"]
[WhiteElo "2205"]
[BlackElo "2275"]

1.d4 d5 2.c4 dxc4 3.Nf3 c5 4.e3 Nf6 5.Nc3 e6 6.Bxc4 a6 7.Bd3 Nc6 8.O-O cxd4
9.exd4 Nb4 10.Re1 Nxd3 11.Qxd3 Be7 12.Bg5 O-O 13.Rad1 Nd5 14.Nxd5 Bxg5 15.Nxg5 Qxg5
16.Nb6 Rb8 17.Qc3 Rd8 18.Qc7 Bd7 19.Nxd7 Qe7 20.Qxb8 Rxb8 21.Nxb8 Qd6 22.d5 e5
23.Nd7 Qxd7 24.Rxe5 f6 25.Ree1 Qd6 26.h3 Kf7 27.b3 h5 28.a4 a5 29.h4 Kg6
30.Re6 Qd7 31.d6  1-0

[Event "Budapest Nuovo"]
[Site "Budapest"]
[Date "1992.??.??"]
[Round "8"]
[White "Lukacs, Peter"]
[Black "Baburin, Alexander"]
[Result "1/2-1/2"]
[WhiteElo "2490"]
[BlackElo "2490"]

1.d4 d5 2.c4 dxc4 3.Nf3 a6 4.e3 e6 5.Bxc4 c5 6.a4 Nf6 7.O-O Nc6 8.Qe2 cxd4
9.Rd1 Be7 10.exd4 O-O 11.Nc3 Nd5 12.Qe4 Ncb4 13.Ne5 Ra7 14.Bb3 b6 15.Nxd5 exd5
16.Qf3 Be6 17.Bd2 Rc7 18.Rac1 Rxc1 19.Rxc1 Bg5 20.Bxg5 Qxg5 21.Rc7 a5 22.h3 Qd2
23.Qc3 Qe2 24.Re7 h5 25.Rc7 h4 26.Nf3 Bf5 27.Qe3 Re8 28.Ne5 Qxe3 29.fxe3 f6
30.Nc6 Rxe3 31.Ne7+ Kf8 32.Nxf5 Rxb3 33.Nxg7 Rxb2 34.Nh5  1/2-1/2

[Event "Multicoop op"]
[Site "Budapest"]
[Date "1992.??.??"]
[Round "8"]
[White "Dao Thien Hai"]
[Black "Varga, Zoltan"]
[Result "1-0"]
[WhiteElo "2205"]
[BlackElo "2410"]

1.d4 d5 2.c4 dxc4 3.Nf3 a6 4.Nc3 b5 5.e3 Bb7 6.a4 c6 7.Be2 e6 8.O-O Nd7 9.Ne5 Ngf6
10.Qc2 Be7 11.Bf3 Nd5 12.Nxd7 Nxc3 13.axb5 axb5 14.Rxa8 Bxa8 15.Nc5 Nd5 16.b3 cxb3
17.Qxb3 O-O 18.Bb2 Nb6 19.Rd1 Bd6 20.Ba3 Qe7 21.Bb4 e5 22.g3 h6 23.Ra1 exd4
24.exd4 Rd8 25.Re1 Qa7 26.Be4 Na4 27.Bb1 Bf8 28.Qe3 g6 29.h4 Nb6 30.h5 Nd5
31.Qb3 Nxb4 32.Qxb4 gxh5 33.Qc3 Bg7 34.Qc2 Bxd4 35.Qh7+ Kf8 36.Qxh6+ Bg7
37.Qxh5 Rd5 38.Qg4 Qc7 39.Qb4 Qd6 40.Nd7+ Kg8 41.Re8+ Bf8 42.Qg4+  1-0

[Event "FMDA tt"]
[Site "Buenos Aires"]
[Date "1992.??.??"]
[Round "3"]
[White "Casafus, Ruben"]
[Black "Slipak, Sergio"]
[Result "0-1"]
[WhiteElo "2400"]
[BlackElo "2430"]

1.d4 d5 2.c4 dxc4 3.Nf3 a6 4.e3 Nf6 5.Bxc4 e6 6.O-O c5 7.a4 Nc6 8.Qe2 cxd4
9.Rd1 Be7 10.exd4 O-O 11.Nc3 Nd5 12.Ne4 b6 13.Ne5 Bb7 14.Be3 Ncb4 15.Rac1 Rc8
16.Bd2 Rc7 17.Bb3 Rxc1 18.Rxc1 Qe8 19.Re1 Qc8 20.Rc1 Qe8 21.Re1 Qd8 22.Nc3 Qd6
23.Ne4 Qd8 24.Nc3 Qd6 25.Nxd5 Nxd5 26.Bc2 Nf6 27.Qd3 Rc8 28.Bc3 g6 29.Bb3 Nd5
30.Qf3 Bf6 31.Bd2 Rc7 32.Qg3 Qd8 33.Nf3 Ne7 34.Bg5 Bxg5 35.Nxg5 Nf5 36.Qf4 Nxd4
37.Qh4 h5 38.Rd1 Rd7  0-1

[Event "Buenos Aires2"]
[Site "Buenos Aires"]
[Date "1992.??.??"]
[Round "4"]
[White "Llanos, Guillermo"]
[Black "Slipak, Sergio"]
[Result "1/2-1/2"]
[WhiteElo "2355"]
[BlackElo "2430"]

1.d4 d5 2.c4 dxc4 3.Nf3 a6 4.e3 Nf6 5.Bxc4 e6 6.O-O c5 7.a4 Nc6 8.Qe2 cxd4
9.Rd1 Be7 10.exd4 O-O 11.Nc3 Nd5 12.Qe4 Ncb4 13.Ne5 Qd6 14.Qg4 f5 15.Qe2 Bf6
16.a5 Bd7 17.Nxd7 Qxd7 18.Na4 Rae8 19.b3 Qc6 20.Ba3 Nf4 21.Qf1 Be7 22.Rac1 Nbd5
23.Bxe7 Rxe7 24.g3 Ng6 25.Qg2 Rd8 26.Nc3 Qd6 27.Nxd5 exd5 28.Bd3 f4 29.Qh3 Nf8
30.Rc8 Rxc8 31.Qxc8 Rf7 32.Bf1 Qb4 33.Qc2 Qd6 34.Re1 Qf6 35.Re2 fxg3 36.hxg3 Qf3
37.Bg2 Qf5 38.Qxf5 Rxf5 39.Bh3 Rf6 40.Bg2 Rd6 41.Re5 Kf7 42.Bxd5+  1/2-1/2

[Event "Traffic op"]
[Site "Buenos Aires"]
[Date "1992.??.??"]
[Round "7"]
[White "Langier, Daniel"]
[Black "Slipak, Sergio"]
[Result "1/2-1/2"]
[WhiteElo "2300"]
[BlackElo "2430"]

1.d4 d5 2.c4 dxc4 3.Nf3 a6 4.e4 b5 5.a4 Bb7 6.Nc3 e6 7.axb5 axb5 8.Rxa8 Bxa8
9.Nxb5 Bxe4 10.Bxc4 Bxf3 11.gxf3 c6  1/2-1/2

[Event "Calcutta"]
[Site "Calcutta"]
[Date "1992.??.??"]
[Round "3"]
[White "Prasad, Devaki V"]
[Black "Barua, Dibyendu"]
[Result "1-0"]
[WhiteElo "2415"]
[BlackElo "2555"]

1.d4 d5 2.c4 dxc4 3.Nf3 a6 4.e3 Bg4 5.Bxc4 e6 6.h3 Bh5 7.Nc3 Nf6 8.g4 Bg6
9.Ne5 Nbd7 10.Nxg6 hxg6 11.Bf1 c5 12.Bg2 Qc7 13.Qf3 Rb8 14.Bd2 Be7 15.g5 Nh5
16.Ne4 cxd4 17.exd4 Nb6 18.Rc1 Qd8 19.O-O Nd5 20.h4 O-O 21.Ng3 Nxg3 22.fxg3 Qb6
23.Bc3 Rbd8 24.Kh2 Rd7 25.Rcd1 Bd8 26.h5 Bxg5 27.hxg6 Ne3 28.Qh5 Nxf1+ 29.Rxf1 Bh6
30.d5 Qb5 31.Qe5 Rxd5 32.Bxd5 exd5 33.Rf5 Qc5 34.Bd4 Qc4 35.b3 Qc6 36.gxf7+ Kh7
37.Qe7 g6 38.Rf2 b6 39.Be3  1-0